La bible du Tage Mage (Record no. 4763)

MARC details
000 -CABECERA
campo de control de longitud fija 01304nam a22002297a 4500
008 - DATOS DE LONGITUD FIJA--INFORMACIÓN GENERAL
campo de control de longitud fija 250618b |||||||| |||| 00| 0 eng d
020 ## - NÚMERO INTERNACIONAL ESTÁNDAR DEL LIBRO
Número Internacional Estándar del Libro 9782759055227
040 ## - FUENTE DE LA CATALOGACIÓN
Centro/agencia transcriptor tbs
041 ## - CÓDIGO DE LENGUA
Código de lengua del texto/banda sonora o título independiente fre
100 ## - ENTRADA PRINCIPAL--NOMBRE DE PERSONA
Nombre de persona Attelan, Franck
9 (RLIN) 25501
Término indicativo de función/relación author
245 ## - MENCIÓN DE TÍTULO
Título La bible du Tage Mage
Mención de responsabilidad, etc. / Franck Attelan
250 ## - MENCIÓN DE EDICIÓN
Mención de edición 15th edition.
260 ## - PUBLICACIÓN, DISTRIBUCIÓN, ETC.
Lugar de publicación, distribución, etc. Levallois-Perret Cedex,
Nombre del editor, distribuidor, etc. Groupe Studyrama,
Fecha de publicación, distribución, etc. 2024.
300 ## - DESCRIPCIÓN FÍSICA
Extensión 1413 pages,
Otras características físicas illustrations ;
Dimensiones 24 cm.
490 ## - MENCIÓN DE SERIE
Mención de serie Collection le choix du succès
520 ## - SUMARIO, ETC.
Sumario, etc. Numéro 1 des ventes, la Bible du Tage Mage est l'ouvrage indispensable pour vous préparer au Tage Mage. <br/><br/>La Bible du Tage Mage® est l’ouvrage de référence qui vous accompagnera tout au long de votre préparation au Tage Mage®. Vous y trouverez 15 tests blancs complets. Au total : plus de 2 500 questions et applications-clés... De quoi progresser rapidement dans chacune des 6 épreuves du Tage Mage® et espérer ainsi terminer parmi les premiers !
650 #0 - PUNTO DE ACCESO ADICIONAL DE MATERIA--TÉRMINO DE MATERIA
Término de materia o nombre geográfico como elemento de entrada TAGE MAGE (Test d'aptitude aux études de gestion)
9 (RLIN) 25502
650 #0 - PUNTO DE ACCESO ADICIONAL DE MATERIA--TÉRMINO DE MATERIA
Término de materia o nombre geográfico como elemento de entrada French Selection test for Higher Education in Management Studies
9 (RLIN) 25503
655 #0 - TÉRMINO DE INDIZACIÓN--GÉNERO/FORMA
Datos o término principal de género/forma Handbook: Preparation for the TAGE MAGE
9 (RLIN) 25504
655 #0 - TÉRMINO DE INDIZACIÓN--GÉNERO/FORMA
Datos o término principal de género/forma Level range: C1 - C2
Subdivisión general Common European Framework of Reference for Languages (CEFR)
9 (RLIN) 25505
942 ## - ELEMENTOS DE ENTRADA AGREGADA (KOHA)
Fuente del sistema de clasificación o colocación Clasificación de Library of Congress
Holdings
Estado de retiro Estado de pérdida Fuente del sistema de clasificación o colocación Estado dañado No para préstamo Biblioteca de origen Biblioteca actual Fecha de adquisición Total de préstamos Renovaciones totales Signatura topográfica completa Código de barras Fecha visto por última vez Fecha del último préstamo Número de copia Precio válido a partir de Tipo de ítem Koha
    Clasificación de Library of Congress     TBS Barcelona TBS Barcelona 18/06/2025 3 1 P-TAGE MAGE B07569 11/02/2026 11/02/2026 2 18/06/2025 Test Prep
    Clasificación de Library of Congress     TBS Barcelona TBS Barcelona 18/06/2025 3   P-TAGE MAGE B07538 14/01/2026 14/01/2026 1 18/06/2025 Test Prep

Powered by Koha